Psychologische typen / (Record no. 85677)

MARC details
000 -LEADER
campo de control de longitud fija 00457nam a2200169 i 4500
001 - NÚMERO DE CONTROL
campo de control 85677
003 - IDENTIFICADOR DE NÚMERO DE CONTROL
campo de control ES-MaACL
005 - FECHA Y HORA DE LA ÚLTIMA TRANSACCIÓN
campo de control 20250926063053.0
007 - CAMPO FIJO DE DESCRIPCIÓN FÍSICA--INFORMACIÓN GENERAL
campo de control de longitud fija t|
008 - DATOS DE LONGITUD FIJA--INFORMACIÓN GENERAL
campo de control de longitud fija 041130s1921 gw ||||1| ger d
100 1# - ENTRADA PRINCIPAL--NOMBRE DE PERSONA
Nombre de persona Jung, Carl G.,
Fechas asociadas al nombre 1875-1961
9 (RLIN) 67282
245 10 - MENCIÓN DEL TÍTULO
Título Psychologische typen /
Mención de responsabilidad, etc. von C.G. Jung.
260 ## - PUBLICACIÓN, DISTRIBUCIÓN, ETC.
Lugar de publicación, distribución, etc. Zurich :
Nombre del editor, distribuidor, etc. [s.n.,
Fecha de publicación, distribución, etc. 1921] (
Fabricante Rascher)
300 ## - DESCRIPCIÓN FÍSICA
Extensión 724 p. ;
Dimensiones 21 cm.
852 ## - LOCALIZACIÓN
Ubicación ES-MaACL
Número de control de estantería A-3294
Holdings
Estatus retirado Estado de pérdida Estado de daño No para préstamo Biblioteca de origen Biblioteca actual Ubicación en estantería Fecha de adquisición Fuente de adquisición Total de préstamos Signatura topográfica completa Código de barras Visto por última vez Precio de reemplazo Tipo de ítem Koha
        Biblioteca del Ateneo de Madrid Biblioteca del Ateneo de Madrid Sala Pecera Planta 1 17/01/2008     A-3294 1089525 23/02/2023 23/02/2023 Libro impreso